[Event "21.Wörishofen-Seniorenen op"]
[Site "Bad Wörishofen (03.03.-11.03)"]
[Date "2005.03.10"]
[Round "8.12"]
[White "Wunderer, Eckart"]
[Black "Mantzouneas, Nikolaos"]
[Result "1-0"]
[WhiteElo "2006"]
[BlackElo "1873"]
[PlyCount "81"]
[EventDate "2005.03.??"]
[Source "Chessorg"]
[SourceDate "2005.12.10"]

1. e4 c5 2. Nf3 a6 3. c3 d5 4. exd5 Qxd5 5. d4 e6 6. Be2 Nf6 7. O-O Nc6 8. Be3
cxd4 9. cxd4 Be7 10. Nc3 Qd8 11. Qb3 O-O 12. Rfd1 Nb4 13. Ne5 h6 14. Bf3 Nbd5
15. Rac1 Nxc3 16. bxc3 Nd5 17. c4 Nxe3 18. fxe3 Bd6 19. Nd3 Qh4 20. g3 Bxg3 21.
hxg3 Qxg3+ 22. Bg2 Qxe3+ 23. Nf2 Qg5 24. Rc3 Rb8 25. Rg3 Qe7 26. Ng4 Kh8 27.
Ne5 Bd7 28. Qe3 Be8 29. d5 f5 30. Ng6+ Bxg6 31. Rxg6 Qc7 32. Rxe6 Qxc4 33. Rd4
Qc5 34. Kh1 Rbc8 35. Rxh6+ Kg8 36. Qe6+ Rf7 37. Rhh4 Qc1+ 38. Kh2 Rd8 39. d6
Qc8 40. Qg6 Qc2 41. Qh7+ 1-0

[Event "21.Wörishofen-Seniorenen op"]
[Site "Bad Wörishofen (03.03.-11.03)"]
[Date "2005.03.10"]
[Round "8.13"]
[White "Rahn, Oskar"]
[Black "Mentel, Juergen,Dr."]
[Result "1/2-1/2"]
[WhiteElo "2000"]
[BlackElo "1963"]
[PlyCount "28"]
[EventDate "2005.03.??"]
[Source "Chessorg"]
[SourceDate "2005.12.10"]

1. e4 c5 2. Nf3 a6 3. c3 d5 4. exd5 Qxd5 5. d4 Bg4 6. Be2 e6 7. O-O Nf6 8. h3
Bh5 9. c4 Qd6 10. Be3 cxd4 11. Bxd4 Nc6 12. Qa4 Qb4 13. Qxb4 Nxb4 14. Nc3 Nc2
1/2-1/2

[Event "21.Wörishofen-Seniorenen op"]
[Site "Bad Wörishofen (03.03.-11.03)"]
[Date "2005.03.10"]
[Round "8.14"]
[White "Klempt, Guenter"]
[Black "Czeitschner, Roland"]
[Result "1-0"]
[WhiteElo "1943"]
[BlackElo "1766"]
[PlyCount "71"]
[EventDate "2005.03.??"]
[Source "Chessorg"]
[SourceDate "2005.12.10"]

1. d4 Nf6 2. c4 g6 3. Nc3 d5 4. Nf3 Bg7 5. Bg5 c6 6. e3 O-O 7. Bd3 e6 8. O-O
Nbd7 9. Rc1 dxc4 10. Bxc4 Nb6 11. Bb3 Nbd5 12. Re1 Nxc3 13. bxc3 Qa5 14. e4 c5
15. h3 Qc7 16. Qd2 c4 17. Bf4 Qc6 18. Ne5 Qa6 19. Bxc4 b5 20. Bb3 Bb7 21. f3
Rfd8 22. c4 bxc4 23. Rxc4 Nd7 24. Nxd7 Rxd7 25. Be3 Qd6 26. Rec1 Qe7 27. Kh1 h5
28. Ba4 Rdd8 29. Qa5 Qa3 30. Qd2 Rac8 31. Bb3 Qe7 32. Qa5 Rxc4 33. Rxc4 Ba8 34.
Rc7 Qe8 35. Qxa7 Kf8 36. Ba4 1-0

[Event "21.Wörishofen-Seniorenen op"]
[Site "Bad Wörishofen (03.03.-11.03)"]
[Date "2005.03.10"]
[Round "8.15"]
[White "Papenbrock, Volker"]
[Black "Schmidt, Eugen[35Baden]"]
[Result "1-0"]
[WhiteElo "2085"]
[BlackElo "1882"]
[PlyCount "49"]
[EventDate "2005.03.??"]
[Source "Chessorg"]
[SourceDate "2005.12.10"]

1. d4 g6 2. e4 d6 3. Nc3 Bg7 4. f4 e5 5. dxe5 dxe5 6. Qxd8+ Kxd8 7. Nf3 Nd7 8.
fxe5 c6 9. Bf4 Nc5 10. O-O-O+ Ke8 11. Be3 Ne6 12. Bc4 Bh6 13. Rhe1 Bxe3+ 14.
Rxe3 h6 15. h4 g5 16. Bxe6 Bxe6 17. Nd4 Ke7 18. Nf5+ Bxf5 19. exf5 Rd8 20. f6+
Ke8 21. Red3 Rxd3 22. Rxd3 h5 23. Ne4 Nh6 24. Nd6+ Kf8 25. Nf5 1-0

[Event "21.Wörishofen-Seniorenen op"]
[Site "Bad Wörishofen (03.03.-11.03)"]
[Date "2005.03.10"]
[Round "8.16"]
[White "Moeckel, Edgar,Dr."]
[Black "Molez, Karl"]
[Result "1/2-1/2"]
[WhiteElo "1826"]
[BlackElo "1842"]
[PlyCount "29"]
[EventDate "2005.03.??"]
[Source "Chessorg"]
[SourceDate "2005.12.10"]

1. d4 Nf6 2. Nf3 e6 3. c4 d5 4. Nc3 Be7 5. e3 b6 6. cxd5 exd5 7. Qc2 Bb7 8. Bd3
Nbd7 9. O-O O-O 10. Bd2 Rc8 11. Qa4 a6 12. Rac1 c5 13. Bf5 g6 14. Bh3 Rc7 15.
Rfe1 1/2-1/2

[Event "21.Wörishofen-Seniorenen op"]
[Site "Bad Wörishofen (03.03.-11.03)"]
[Date "2005.03.10"]
[Round "8.17"]
[White "Malin, Klaus"]
[Black "Reinke, Kurt[39Benrath]"]
[Result "0-1"]
[WhiteElo "1691"]
[BlackElo "1835"]
[PlyCount "102"]
[EventDate "2005.03.??"]
[Source "Chessorg"]
[SourceDate "2005.12.10"]

1. e4 c5 2. Nf3 d6 3. d4 cxd4 4. Nxd4 Nf6 5. Nc3 a6 6. Be3 e5 7. Nb3 Be6 8. Be2
Nbd7 9. O-O Be7 10. f4 exf4 11. Bxf4 Ne5 12. Bxe5 dxe5 13. Qxd8+ Rxd8 14. Rad1
O-O 15. a3 Rxd1 16. Rxd1 Rd8 17. Na5 Rxd1+ 18. Bxd1 Bc5+ 19. Kf1 b5 20. Nc6 Nd7
21. Nd5 Bd6 22. Ncb4 Nc5 23. Bf3 Kf8 24. Ke2 Ke8 25. h3 Kd7 26. Ne3 a5 27. Nd3
Kc6 28. g4 g6 29. Kd2 Nxd3 30. cxd3 Be7 31. Kc3 b4+ 32. axb4 axb4+ 33. Kc2 Kc5
34. b3 Bg5 35. Nd1 Kd4 36. Be2 Bd7 37. Bf1 f5 38. exf5 gxf5 39. gxf5 Bxf5 40.
Be2 Bxh3 41. Nf2 Bf5 42. Bh5 Bh4 43. Ne4 h6 44. Bf3 Ke3 45. Bg2 Be7 46. Bf1 h5
47. Ng3 Bg4 48. Be2 Kf2 49. Bxg4 hxg4 50. Ne4+ Kf3 51. Kd2 g3 0-1

[Event "21.Wörishofen-Seniorenen op"]
[Site "Bad Wörishofen (03.03.-11.03)"]
[Date "2005.03.10"]
[Round "8.18"]
[White "Richter, Helmut[41W'kraib]"]
[Black "Von Hoesslin, Holger"]
[Result "1-0"]
[WhiteElo "1538"]
[BlackElo "1601"]
[PlyCount "59"]
[EventDate "2005.03.??"]
[Source "Chessorg"]
[SourceDate "2005.12.10"]

1. d4 Nf6 2. c4 c5 3. Nf3 b6 4. e3 Bb7 5. Be2 g6 6. Nc3 Bg7 7. O-O O-O 8. dxc5
bxc5 9. Qc2 a6 10. b3 Qc7 11. h3 Nc6 12. Bb2 Nb4 13. Qd2 Rad8 14. a3 Nc6 15.
Qc2 d6 16. Rad1 Ne5 17. Nxe5 dxe5 18. e4 Rfe8 19. Rxd8 Rxd8 20. Rd1 Rxd1+ 21.
Bxd1 Nd7 22. Nd5 Bxd5 23. cxd5 Nf8 24. b4 Nd7 25. Bg4 f5 26. exf5 Nf6 27. fxg6
hxg6 28. Be6+ Kf8 29. Qxg6 Qd8 30. Qf7# 1-0

[Event "21.Wörishofen-Seniorenen op"]
[Site "Bad Wörishofen (03.03.-11.03)"]
[Date "2005.03.10"]
[Round "8.19"]
[White "Mueller, Manfred[42Senftenb]"]
[Black "Litterst, Reinhard"]
[Result "0-1"]
[WhiteElo "1901"]
[BlackElo "1843"]
[PlyCount "64"]
[EventDate "2005.03.??"]
[Source "Chessorg"]
[SourceDate "2005.12.10"]

1. e4 c5 2. Nf3 d6 3. d4 cxd4 4. Nxd4 Nf6 5. Nc3 a6 6. Be2 e6 7. O-O Be7 8. Be3
Qc7 9. f4 Bd7 10. Bf3 Nc6 11. Kh1 Nxd4 12. Qxd4 e5 13. Qd2 Rc8 14. Rfd1 Bc6 15.
Qf2 O-O 16. Bb6 Qb8 17. Qg3 Nd7 18. Be3 exf4 19. Bxf4 Ne5 20. Bh6 Ng6 21. Be3
Ne5 22. Bd4 Rcd8 23. Rd2 Qc7 24. Rad1 Bf6 25. Ne2 Qe7 26. Bb6 Rd7 27. b3 Bh4
28. Qh3 Bg5 29. Nd4 Bxd2 30. Nf5 Qg5 31. Nd4 Be3 32. Nxc6 bxc6 0-1

[Event "21.Wörishofen-Seniorenen op"]
[Site "Bad Wörishofen (03.03.-11.03)"]
[Date "2005.03.10"]
[Round "8.20"]
[White "Vorderbruegge, Franz-Josef"]
[Black "Bernhoeft, Erhard"]
[Result "1/2-1/2"]
[WhiteElo "1729"]
[BlackElo "1922"]
[PlyCount "40"]
[EventDate "2005.03.??"]
[Source "Chessorg"]
[SourceDate "2005.12.10"]

1. d4 g6 2. c4 Bg7 3. Nf3 c6 4. Nc3 d6 5. e4 Bg4 6. Be2 Nf6 7. O-O O-O 8. Rb1
a5 9. a3 Nfd7 10. h3 Bxf3 11. Bxf3 c5 12. dxc5 Nxc5 13. Nb5 a4 14. Bg5 Nc6 15.
Qd5 Ne6 16. Be3 Qc8 17. Bg4 h5 18. Be2 Na5 19. Na7 Nf4 20. Bxf4 Rxa7 1/2-1/2

[Event "21.Wörishofen-Seniorenen op"]
[Site "Bad Wörishofen (03.03.-11.03)"]
[Date "2005.03.10"]
[Round "8.21"]
[White "Reimann, Guenther"]
[Black "Tochtermann, Georg,Dr."]
[Result "1/2-1/2"]
[WhiteElo "1927"]
[BlackElo "1789"]
[PlyCount "20"]
[EventDate "2005.03.??"]
[Source "Chessorg"]
[SourceDate "2005.12.10"]

1. c4 c5 2. Nf3 b6 3. g3 Bb7 4. Bg2 Nf6 5. d3 g6 6. O-O Bg7 7. Nbd2 O-O 8. Rb1
e6 9. a3 d6 10. Qc2 Qc7 1/2-1/2

[Event "21.Wörishofen-Seniorenen op"]
[Site "Bad Wörishofen (03.03.-11.03)"]
[Date "2005.03.10"]
[Round "8.22"]
[White "Wohlfart, Karl-Heinz"]
[Black "Semmler, Guenter"]
[Result "1/2-1/2"]
[WhiteElo "1774"]
[BlackElo "1920"]
[PlyCount "78"]
[EventDate "2005.03.??"]
[Source "Chessorg"]
[SourceDate "2005.12.10"]

1. Nf3 Nf6 2. g3 d6 3. Bg2 e5 4. d3 Be7 5. c4 O-O 6. O-O Nbd7 7. Nc3 Re8 8. Qc2
h6 9. Bd2 Bf8 10. b4 c6 11. Rfc1 g5 12. Rab1 Bg7 13. Na4 Nf8 14. Bc3 Ng6 15.
Nd2 Bg4 16. Re1 Qd7 17. b5 c5 18. Bb2 Bh3 19. Bh1 Re7 20. Nc3 Rf8 21. a4 Kh8
22. a5 Qc8 23. Bc1 Rg8 24. Nf1 Ree8 25. Ne3 Ne7 26. Bd2 Rd8 27. Rb3 Be6 28. Ra3
d5 29. cxd5 Nfxd5 30. Nexd5 Nxd5 31. Ne4 b6 32. axb6 axb6 33. Rc1 Qd7 34. Qb1
f5 35. Nc3 Nxc3 36. Bxc3 Bd5 37. Bxd5 Qxd5 38. Ra6 Rd6 39. Qa1 Qe6 1/2-1/2

[Event "21.Wörishofen-Seniorenen op"]
[Site "Bad Wörishofen (03.03.-11.03)"]
[Date "2005.03.10"]
[Round "8.23"]
[White "Niebaum, Karl"]
[Black "Richter, Helmut[27Mühlacker]"]
[Result "1/2-1/2"]
[WhiteElo "1774"]
[BlackElo "1692"]
[PlyCount "42"]
[EventDate "2005.03.??"]
[Source "Chessorg"]
[SourceDate "2005.12.10"]

1. d4 Nf6 2. Bg5 e6 3. Nf3 Be7 4. e3 d6 5. Bd3 h6 6. Bh4 Nbd7 7. O-O b6 8. Nbd2
Bb7 9. e4 g5 10. Bg3 Nh5 11. Re1 Nxg3 12. hxg3 Bf6 13. c3 e5 14. d5 Nf8 15.
Bb5+ Nd7 16. Nh2 a6 17. Be2 O-O 18. Ng4 Bg7 19. Ne3 Nf6 20. Nf5 Bc8 21. g4 Bd7
1/2-1/2

[Event "21.Wörishofen-Seniorenen op"]
[Site "Bad Wörishofen (03.03.-11.03)"]
[Date "2005.03.10"]
[Round "8.24"]
[White "Rueggeberg, Wilhelm"]
[Black "Wawrinsky, Ludwig"]
[Result "0-1"]
[WhiteElo "1801"]
[BlackElo "1703"]
[PlyCount "134"]
[EventDate "2005.03.??"]
[Source "Chessorg"]
[SourceDate "2005.12.10"]

1. d4 Nf6 2. Nf3 e6 3. c4 b6 4. Nc3 Bb4 5. Bd2 Bb7 6. e3 Bxc3 7. Bxc3 Ne4 8.
Be2 Nxc3 9. bxc3 O-O 10. O-O d6 11. Qc2 f5 12. Rad1 Nd7 13. Qb3 Qe8 14. Nd2 Nf6
15. f3 Bc6 16. Rde1 a5 17. Rf2 Qh5 18. a3 Qh6 19. Nf1 a4 20. Qd1 Ra5 21. Bd3 g5
22. e4 f4 23. d5 Bb7 24. e5 dxe5 25. Rxe5 exd5 26. Re7 Rf7 27. Rxf7 Kxf7 28.
Re2 Qf8 29. Qe1 Qc5+ 30. Kh1 dxc4 31. Bc2 Qxa3 32. Nd2 Bd5 33. Bf5 Qd6 34. Bb1
Ra8 35. Re5 Re8 36. Rxe8 Nxe8 37. Bxh7 Nf6 38. Bc2 b5 39. h4 Nh5 40. Qb1 Ng3+
41. Kh2 Qh6 42. Bf5 Qxh4+ 43. Bh3 c6 44. Qb4 Qh6 45. Qc5 Qf6 46. Qa7+ Qe7 47.
Qb8 a3 48. Qh8 Qf6 49. Qc8 a2 50. Qa8 Qxc3 51. Qxa2 Qc1 52. Qa7+ Kg6 53. Bf5+
Nxf5 54. Qd7 Qxd2 55. Qe8+ Bf7 56. Qxc6+ Qd6 57. Qxb5 c3 58. Qa4 Qd2 59. Qa6+
Kg7 60. Qa1 Qd4 61. Qb1 Ne3 62. Qb5 Qd5 63. Qb8 c2 64. Qc7 Qd2 65. Qe5+ Kg6 66.
Qe4+ Kh6 67. Qc6+ Bg6 0-1

[Event "21.Wörishofen-Seniorenen op"]
[Site "Bad Wörishofen (03.03.-11.03)"]
[Date "2005.03.10"]
[Round "8.25"]
[White "Xander, Karl,Dr."]
[Black "Kreie, Guenter"]
[Result "1-0"]
[WhiteElo "1886"]
[BlackElo "1847"]
[PlyCount "50"]
[EventDate "2005.03.??"]
[Source "Chessorg"]
[SourceDate "2005.12.10"]

1. e4 c5 2. Nf3 Nc6 3. d4 cxd4 4. Nxd4 Nf6 5. Nc3 e6 6. Ndb5 Bb4 7. a3 Bxc3+ 8.
Nxc3 O-O 9. Bg5 d5 10. exd5 exd5 11. Be2 Qd6 12. O-O d4 13. Nb5 Qe5 14. Bh4 Nd5
15. Bg3 Nf4 16. Bd3 Qg5 17. Nc7 Rb8 18. Qc1 Ne6 19. Nxe6 Qxc1 20. Raxc1 Bxe6
21. Bxb8 Rxb8 22. Rfe1 g6 23. f4 Kf8 24. h3 h5 25. Rcd1 Rc8 1-0

[Event "21.Wörishofen-Seniorenen op"]
[Site "Bad Wörishofen (03.03.-11.03)"]
[Date "2005.03.10"]
[Round "8.26"]
[White "Gehrmann, Dorit"]
[Black "Born, Bernd-Ludger,Dr."]
[Result "1/2-1/2"]
[WhiteElo "1890"]
[BlackElo "1954"]
[PlyCount "85"]
[EventDate "2005.03.??"]
[Source "Chessorg"]
[SourceDate "2005.12.10"]

1. e4 e6 2. d4 d5 3. exd5 exd5 4. Nf3 Bd6 5. Bd3 Bg4 6. O-O Ne7 7. b3 Nbc6 8.
c3 Qd7 9. Re1 O-O-O 10. a4 f6 11. Nbd2 g5 12. b4 Ng6 13. b5 Na5 14. Qc2 Nf4 15.
Ba3 Nxd3 16. Qxd3 Bf5 17. Qf1 Bxa3 18. Rxa3 h5 19. h4 g4 20. Nh2 Rhe8 21. Rxe8
Rxe8 22. Ra1 Qe7 23. Qd1 Bd3 24. Ndf1 Bxf1 25. Nxf1 f5 26. Qd3 Rf8 27. Ne3 Qf7
28. Re1 f4 29. Nc2 Nc4 30. Qe2 Kd7 31. f3 g3 32. Nb4 Ne3 33. Nd3 Re8 34. Ne5+
Rxe5 35. dxe5 Qe7 36. Qd3 Qxh4 37. Qh7+ Ke6 38. Qh6+ Kxe5 39. Qg7+ Ke6 40. Qg6+
Ke7 41. Qg7+ Ke6 42. Qg8+ Ke7 43. Qg7+ 1/2-1/2

[Event "21.Wörishofen-Seniorenen op"]
[Site "Bad Wörishofen (03.03.-11.03)"]
[Date "2005.03.10"]
[Round "8.27"]
[White "Selg, Rudolf"]
[Black "Schumacher, Horst[36Holtenau]"]
[Result "1/2-1/2"]
[WhiteElo "1807"]
[BlackElo "1723"]
[PlyCount "28"]
[EventDate "2005.03.??"]
[Source "Chessorg"]
[SourceDate "2005.12.10"]

1. e4 d5 2. exd5 Nf6 3. d4 Qxd5 4. Nc3 Qa5 5. Bc4 Bf5 6. Bd2 Qb6 7. Nf3 c6 8.
Na4 Qc7 9. Bb3 Nbd7 10. Qe2 e6 11. Nc3 Bb4 12. O-O-O O-O-O 13. Nh4 Bxc3 14.
bxc3 Bg6 1/2-1/2

[Event "21.Wörishofen-Seniorenen op"]
[Site "Bad Wörishofen (03.03.-11.03)"]
[Date "2005.03.10"]
[Round "8.28"]
[White "Neumann, Erwin"]
[Black "Duer, Maria"]
[Result "1/2-1/2"]
[WhiteElo "1769"]
[BlackElo "1694"]
[PlyCount "31"]
[EventDate "2005.03.??"]
[Source "Chessorg"]
[SourceDate "2005.12.10"]

1. e4 c6 2. d4 d5 3. Nc3 dxe4 4. Nxe4 Nf6 5. Ng3 Nbd7 6. Nf3 e6 7. Be2 Bd6 8.
Bg5 h6 9. Be3 Qc7 10. Qd3 Nd5 11. Ne4 Nxe3 12. Nxd6+ Qxd6 13. Qxe3 Nf6 14. c4
Qb4+ 15. Qd2 Qxd2+ 16. Nxd2 1/2-1/2

[Event "21.Wörishofen-Seniorenen op"]
[Site "Bad Wörishofen (03.03.-11.03)"]
[Date "2005.03.10"]
[Round "8.29"]
[White "Fels, Karl-Heinz"]
[Black "Hoenig, Josef"]
[Result "1-0"]
[WhiteElo "1785"]
[BlackElo "1579"]
[PlyCount "89"]
[EventDate "2005.03.??"]
[Source "Chessorg"]
[SourceDate "2005.12.10"]

1. e4 e5 2. Nf3 Nf6 3. Nxe5 Qe7 4. d4 Nxe4 5. Bd3 d6 6. Bxe4 dxe5 7. O-O exd4
8. Re1 Kd8 9. Bxb7 Qxe1+ 10. Qxe1 Bxb7 11. Bf4 Nc6 12. c3 Bd6 13. Bxd6 cxd6 14.
Na3 Kd7 15. Qd2 Rhe8 16. Qf4 Ne5 17. cxd4 Ng6 18. Qxf7+ Re7 19. Qf5+ Ke8 20.
Nb5 Rd8 21. h3 Bxg2 22. Rc1 Be4 23. Nc7+ Rxc7 24. Qxe4+ Re7 25. Qg4 Kf7 26. b4
d5 27. Rc5 Kg8 28. Qg5 Red7 29. a4 Ne7 30. b5 h6 31. Qe5 Kh7 32. a5 Ng8 33. b6
axb6 34. axb6 Re7 35. Qf5+ g6 36. Qf4 Rb7 37. Rc7+ Rd7 38. Qe5 Ne7 39. Rxd7
Rxd7 40. Qe6 Rb7 41. Qf7+ Kh8 42. Kg2 h5 43. Kf3 h4 44. Kf4 g5+ 45. Kxg5 1-0

[Event "21.Wörishofen-Seniorenen op"]
[Site "Bad Wörishofen (03.03.-11.03)"]
[Date "2005.03.10"]
[Round "8.30"]
[White "Ganslmayer, Herbert"]
[Black "Lang, Hermann[35Merzig]"]
[Result "1-0"]
[WhiteElo "1855"]
[BlackElo "1717"]
[PlyCount "59"]
[EventDate "2005.03.??"]
[Source "Chessorg"]
[SourceDate "2005.12.10"]

1. d4 Nf6 2. e3 c5 3. f4 g6 4. c3 Qc7 5. Bd3 b6 6. Nf3 Ba6 7. O-O Bxd3 8. Qxd3
c4 9. Qe2 d5 10. Nbd2 Qb7 11. Ne5 e6 12. g4 Rg8 13. Ndf3 h6 14. Kh1 Ne4 15. Nd2
Nxd2 16. Bxd2 f6 17. Nf3 Nd7 18. Rae1 f5 19. Rg1 Be7 20. Rg2 O-O-O 21. Reg1 Qc6
22. Ne5 Nxe5 23. fxe5 g5 24. Rf1 Rdf8 25. Rgf2 Qd7 26. b3 b5 27. bxc4 dxc4 28.
gxf5 Qd5+ 29. e4 Qc6 30. f6 1-0

[Event "21.Wörishofen-Seniorenen op"]
[Site "Bad Wörishofen (03.03.-11.03)"]
[Date "2005.03.10"]
[Round "8.31"]
[White "Schmid, Hermann[39Peiting]"]
[Black "Winkler, Hans"]
[Result "1-0"]
[WhiteElo "2055"]
[BlackElo "1709"]
[PlyCount "85"]
[EventDate "2005.03.??"]
[Source "Chessorg"]
[SourceDate "2005.12.10"]

1. d4 Nf6 2. Nf3 g6 3. Bg5 Bg7 4. Nbd2 h6 5. Bxf6 Bxf6 6. e3 O-O 7. Bd3 d6 8.
O-O a6 9. c3 Nd7 10. b4 b5 11. a4 Rb8 12. axb5 axb5 13. Ra5 c6 14. Qb3 Nb6 15.
Rfa1 Be6 16. Qc2 Qc8 17. h3 Ra8 18. e4 Rxa5 19. bxa5 Na4 20. c4 Qb7 21. cxb5
cxb5 22. Bxb5 Qxb5 23. Qxa4 Qa6 24. Rb1 Ra8 25. d5 Bc8 26. Nc4 Qa7 27. Nb6 Rb8
28. Rc1 Ba6 29. Nd7 Rb2 30. Nxf6+ exf6 31. Qd4 Qxd4 32. Nxd4 Rb4 33. Nc6 Rxe4
34. Nb8 Bc4 35. a6 Bxd5 36. Nd7 Kg7 37. Nb6 Re5 38. Nxd5 Rxd5 39. Ra1 Re5 40.
a7 Re8 41. a8=Q Rxa8 42. Rxa8 f5 43. Rd8 1-0

[Event "21.Wörishofen-Seniorenen op"]
[Site "Bad Wörishofen (03.03.-11.03)"]
[Date "2005.03.10"]
[Round "8.32"]
[White "Hausner, Alfreda"]
[Black "Scheidt, Eugen"]
[Result "1/2-1/2"]
[WhiteElo "1765"]
[BlackElo "1738"]
[PlyCount "31"]
[EventDate "2005.03.??"]
[Source "Chessorg"]
[SourceDate "2005.12.10"]

1. d4 Nf6 2. Nf3 b6 3. e3 Bb7 4. Be2 e6 5. Nbd2 Be7 6. O-O O-O 7. c3 d6 8. Qc2
d5 9. c4 Nbd7 10. cxd5 exd5 11. b3 Rc8 12. Bb2 c5 13. dxc5 bxc5 14. Rac1 Qb6
15. Qb1 Rfe8 16. Rfe1 1/2-1/2

[Event "21.Wörishofen-Seniorenen op"]
[Site "Bad Wörishofen (03.03.-11.03)"]
[Date "2005.03.10"]
[Round "8.33"]
[White "Auf'm Wasser, Guenter"]
[Black "Richter, Gerhard,Dr.[28Marb]"]
[Result "1-0"]
[WhiteElo "1613"]
[BlackElo "1757"]
[PlyCount "49"]
[EventDate "2005.03.??"]
[Source "Chessorg"]
[SourceDate "2005.12.10"]

1. f4 d5 2. Nf3 c6 3. e3 Bg4 4. Be2 e6 5. O-O Bd6 6. b3 f5 7. Bb2 Nf6 8. Ne5
Bxe2 9. Qxe2 O-O 10. g4 Bxe5 11. fxe5 Nxg4 12. h3 Nh6 13. Qh5 Na6 14. Kh1 Qe8
15. Qh4 Nf7 16. Rg1 Qd8 17. Qg3 g6 18. h4 Kh8 19. Nc3 Rg8 20. Ne2 Nc7 21. Raf1
Qf8 22. Qh3 h5 23. Rg3 g5 24. Rxf5 g4 25. Rxh5+ 1-0

[Event "21.Wörishofen-Seniorenen op"]
[Site "Bad Wörishofen (03.03.-11.03)"]
[Date "2005.03.10"]
[Round "8.34"]
[White "Bierbach, Utz-Friedrich"]
[Black "Harke, Horst"]
[Result "1/2-1/2"]
[WhiteElo "1745"]
[BlackElo "1657"]
[PlyCount "28"]
[EventDate "2005.03.??"]
[Source "Chessorg"]
[SourceDate "2005.12.10"]

1. d4 d5 2. Nf3 c6 3. e3 Nf6 4. Bd3 g6 5. O-O Bg7 6. c3 Nbd7 7. Re1 O-O 8. Nbd2
Re8 9. e4 dxe4 10. Nxe4 Nxe4 11. Bxe4 Nf6 12. Bc2 Bg4 13. h3 Bxf3 14. Qxf3 Qd5
1/2-1/2

[Event "21.Wörishofen-Seniorenen op"]
[Site "Bad Wörishofen (03.03.-11.03)"]
[Date "2005.03.10"]
[Round "8.35"]
[White "Smits, Oswald"]
[Black "Schuster, Herbert"]
[Result "1-0"]
[WhiteElo "1714"]
[BlackElo "1641"]
[PlyCount "139"]
[EventDate "2005.03.??"]
[Source "Chessorg"]
[SourceDate "2005.12.10"]

1. d4 Nf6 2. Nf3 e6 3. e3 d5 4. Bd3 h6 5. Nbd2 Bd6 6. O-O c6 7. Qe2 b6 8. Re1
a5 9. b3 a4 10. e4 Bb4 11. e5 Nh7 12. Rd1 a3 13. Nb1 Ba6 14. c3 Be7 15. b4 Bxd3
16. Qxd3 b5 17. Nxa3 Nd7 18. Nc2 Nb6 19. Ne3 Bg5 20. Nd2 Bxe3 21. Qxe3 Qg5 22.
Qe2 Qf5 23. Nf3 Qg4 24. h3 Qh5 25. Kh2 Ng5 26. Rd3 Nxf3+ 27. Rxf3 O-O 28. g4
Qg6 29. Rg3 Qe4 30. Be3 Nc4 31. Re1 Ra3 32. g5 Nxe3 33. gxh6 Nf5 34. hxg7 Qxe2
35. gxf8=Q+ Kxf8 36. Rxe2 Nxg3 37. Kxg3 Rxc3+ 38. Re3 Rc4 39. Rd3 Rxb4 40. h4
Ra4 41. a3 Kg7 42. f4 f5 43. exf6+ Kxf6 44. Kg4 Ra8 45. Rc3 Rg8+ 46. Kf3 Rc8
47. Kg4 Rg8+ 48. Kf3 Ra8 49. h5 Kf5 50. Re3 Rh8 51. Re5+ Kf6 52. Kg4 Rg8+ 53.
Rg5 Ra8 54. Rg6+ Kf7 55. f5 exf5+ 56. Kxf5 Rxa3 57. Rxc6 Rf3+ 58. Ke5 Rh3 59.
Rc7+ Kg8 60. Kxd5 Rxh5+ 61. Kc6 Kf8 62. d5 Ke8 63. Rb7 Rh2 64. Rxb5 Rc2+ 65.
Kd6 Rc8 66. Ke6 Kd8 67. d6 Rc3 68. Rb8+ Rc8 69. Rxc8+ Kxc8 70. Ke7 1-0

[Event "21.Wörishofen-Seniorenen op"]
[Site "Bad Wörishofen (03.03.-11.03)"]
[Date "2005.03.10"]
[Round "8.36"]
[White "Wolf, Alfred[34Bliestal]"]
[Black "Schuller, Erhard"]
[Result "1/2-1/2"]
[WhiteElo "1736"]
[BlackElo "1639"]
[PlyCount "89"]
[EventDate "2005.03.??"]
[Source "Chessorg"]
[SourceDate "2005.12.10"]

1. d4 b5 2. e4 Bb7 3. f3 b4 4. c3 e6 5. Qb3 a5 6. Be3 d5 7. Bd3 g6 8. Ne2 Nf6
9. e5 Nh5 10. O-O Be7 11. Nd2 O-O 12. a3 a4 13. Qd1 b3 14. Rc1 Nd7 15. Kh1 c5
16. f4 c4 17. Bb1 Ng7 18. g4 f6 19. Nf3 fxe5 20. dxe5 Qc7 21. Nfd4 Bc5 22. Qd2
Rf7 23. Rf2 Qb6 24. h3 Raf8 25. Kh2 Nb8 26. Rcf1 Nc6 27. Rf3 Nxe5 28. Rg3 Nd7
29. Rfg1 Nf6 30. R1g2 Ne4 31. Bxe4 dxe4 32. Rg1 Bd5 33. R3g2 Ne8 34. Rg3 Nf6
35. R3g2 Nd7 36. Rg3 Qb7 37. f5 e5 38. Ne6 Bxe3 39. Qxe3 Bxe6 40. fxe6 Rf2+ 41.
R3g2 Rxg2+ 42. Rxg2 Nf6 43. Qc5 Qd5 44. Qe7 Qd8 45. Qc5 1/2-1/2

[Event "21.Wörishofen-Seniorenen op"]
[Site "Bad Wörishofen (03.03.-11.03)"]
[Date "2005.03.10"]
[Round "8.37"]
[White "Lubberich, Alfred,Dr."]
[Black "Huhn, Ulrich"]
[Result "1-0"]
[WhiteElo "1667"]
[BlackElo "1708"]
[PlyCount "77"]
[EventDate "2005.03.??"]
[Source "Chessorg"]
[SourceDate "2005.12.10"]

1. Nf3 d5 2. d4 Nf6 3. c4 c6 4. Nc3 dxc4 5. e3 Bg4 6. Bxc4 e6 7. h3 Bh5 8. O-O
Be7 9. Qe2 Nbd7 10. Rd1 O-O 11. e4 Nb6 12. Bb3 Qc7 13. g3 Rad8 14. Bf4 Qc8 15.
g4 Bg6 16. Ne5 Nfd7 17. Nxg6 hxg6 18. Rac1 Qa8 19. Bg3 Rfe8 20. e5 Nf8 21. Ne4
Nd5 22. f4 Qc8 23. Qf3 Nh7 24. h4 Rf8 25. g5 Rd7 26. a3 Rfd8 27. h5 gxh5 28.
Qxh5 g6 29. Qf3 Rc7 30. Rc2 Kg7 31. Rh2 Rh8 32. Bf2 Qg8 33. Qh1 Nf8 34. Rh6 Nd7
35. Bxd5 cxd5 36. Nf6 Bxf6 37. gxf6+ Nxf6 38. exf6+ Kxf6 39. Rxh8 1-0

[Event "21.Wörishofen-Seniorenen op"]
[Site "Bad Wörishofen (03.03.-11.03)"]
[Date "2005.03.09"]
[Round "8.38"]
[White "Lange, Manfred,Dr[33Wzb]"]
[Black "Bartlitz, Heinz"]
[Result "1-0"]
[WhiteElo "1943"]
[BlackElo "1567"]
[PlyCount "43"]
[EventDate "2005.03.??"]
[Source "Chessorg"]
[SourceDate "2005.12.10"]

1. e4 d6 2. d4 Nf6 3. Nc3 c6 4. f4 Qa5 5. Bd3 e5 6. Bd2 exf4 7. Bxf4 Qb4 8.
Nge2 Qxb2 9. O-O Bg4 10. Qd2 Qb6 11. Rab1 Qc7 12. e5 Nbd7 13. Ng3 Nb6 14. Bf5
Bxf5 15. Nxf5 Nc4 16. Qe2 dxe5 17. dxe5 Bc5+ 18. Kh1 Nb6 19. e6 Qc8 20. Nxg7+
Kf8 21. Bh6 Kg8 22. exf7+ 1-0

[Event "21.Wörishofen-Seniorenen op"]
[Site "Bad Wörishofen (03.03.-11.03)"]
[Date "2005.03.10"]
[Round "8.40"]
[White "Diete, Guenter"]
[Black "Scheller, Gerhard"]
[Result "1-0"]
[WhiteElo "1696"]
[BlackElo "1453"]
[PlyCount "93"]
[EventDate "2005.03.??"]
[Source "Chessorg"]
[SourceDate "2005.12.10"]

1. e4 c6 2. f4 d5 3. Nc3 dxe4 4. Nxe4 e6 5. d4 Nf6 6. Nxf6+ Qxf6 7. Nf3 Bd6 8.
g3 h6 9. Bd3 Qd8 10. O-O O-O 11. c3 Nd7 12. Bc2 f5 13. Bb3 Nf6 14. Qc2 Kh8 15.
Nh4 Qe8 16. Re1 Ne4 17. Qe2 Be7 18. Nf3 Qh5 19. Qg2 g5 20. fxg5 Nxg5 21. Bd1
Qh3 22. Ne5 Qxg2+ 23. Kxg2 Rg8 24. Bh5 Rg7 25. h4 Ne4 26. Bg6 Bf6 27. Nf7+ Rxf7
28. Bxf7 Kg7 29. Bh5 Bd7 30. Bf3 Nd6 31. Bf4 Nf7 32. Re2 Rg8 33. Kf2 Nd8 34.
Rae1 Kh7 35. Be3 a6 36. c4 Rg7 37. Rd2 Be7 38. a3 Bd6 39. Bf4 Be7 40. d5 Bc5+
41. Kf1 cxd5 42. cxd5 Bb5+ 43. Kg2 Re7 44. d6 Rd7 45. b4 Ba7 46. Rc1 Bb8 47.
Rc7 1-0